El caballero de el dorado / (Registro nro. 30552)

Detalles MARC
000 -LEADER
fixed length control field 01405nam a22002537a 4500
003 - CONTROL NUMBER IDENTIFIER
control field OSt
005 - DATE AND TIME OF LATEST TRANSACTION
control field 20240712150358.0
008 - FIXED-LENGTH DATA ELEMENTS--GENERAL INFORMATION
fixed length control field 240209t2022 ck a er 000 j spa d
020 ## - INTERNATIONAL STANDARD BOOK NUMBER
International Standard Book Number 9789585125421
037 ## - SOURCE OF ACQUISITION
Materials specified Donación
040 ## - CATALOGING SOURCE
Original cataloging agency CO-JMCR
Transcribing agency CO-JMCR
Modifying agency CO-JMCR
Description conventions rda
041 0# - LANGUAGE CODE
Language code of text/sound track or separate title spa
082 04 - DEWEY DECIMAL CLASSIFICATION NUMBER
Classification number 923.946
Item number A67
100 1# - MAIN ENTRY--PERSONAL NAME
Personal name Arciniegas, Germán,
Dates associated with a name 1900-1999
Relator term autor
9 (RLIN) 14028
245 13 - TITLE STATEMENT
Title El caballero de el dorado /
Statement of responsibility, etc. Germán Arciniegas
260 ## - PUBLICATION, DISTRIBUTION, ETC.
Place of publication, distribution, etc. Bogotá :
Name of publisher, distributor, etc. Secretaría Distritál de Recreación y Deporte ,
Date of publication, distribution, etc. ©2022
300 ## - PHYSICAL DESCRIPTION
Extent 264 páginas :
Other physical details Ilustraciones a blanco y negro ;
Dimensions 23 cm.
490 ## - SERIES STATEMENT
Series statement Leer para la vida
500 ## - GENERAL NOTE
General note Incluye datos biográficos sobre el autor.
520 3# - SUMMARY, ETC.
Summary, etc. Es indudable que Cervantes se inspiró en la vida del licenciado don Gonzalo Jiménez de Quesada para escribir su Don Quijote», esta es la tesis expuesta en este libro, o sea, la delicada cuestión del quijotismo americano y la lectura poética de la historia que supone. El caballero de El Dorado pretende glorificar a la vez la gente común y la indoamericanidad. Arciniegas confesó que su aspiración era incitar a sus contemporáneos a escribir la «historia natural» de los americanos y no su «historia política".
650 14 - SUBJECT ADDED ENTRY--TOPICAL TERM
Source of heading or term JMCR
Topical term or geographic name entry element Exploradores
Form subdivision Biografías
Chronological subdivision Siglo XVI
Geographic subdivision España
9 (RLIN) 43347
650 24 - SUBJECT ADDED ENTRY--TOPICAL TERM
Source of heading or term JMCR
Topical term or geographic name entry element Conquistadores
Form subdivision Biografías
Chronological subdivision Siglo XVI
Geographic subdivision España
9 (RLIN) 43348
942 ## - ADDED ENTRY ELEMENTS (KOHA)
Source of classification or shelving scheme Dewey Decimal Classification
Koha item type Books
Existencias
Withdrawn status Lost status Damaged status Not for loan Home library Current library Shelving location Date acquired Source of acquisition Total Checkouts Full call number Barcode Date last seen Date last checked out Copy number Price effective from Koha item type
        Biblioteca Pública José María del Castillo y Rada Biblioteca Pública José María del Castillo y Rada General Stacks 11/30/2023 Donación 1 923.946 A67 201812154 07/22/2024 07/22/2024 Ej.1 02/09/2024 Books